Girl in a blue dress / Gaynor Arnold.
Available copies
- 1 of 1 copy available at LARL/NWRL Consortium.
- 1 of 1 copy available at Lake Agassiz Regional Library. (Show preferred library)
Current holds
0 current holds with 1 total copy.
Show Only Available Copies
| Location | Call Number / Copy Notes | Barcode | Shelving Location | Status | Due Date |
|---|---|---|---|---|---|
| Crookston Public Library | ARN (Text) | 33500010085264 | Main | Available | - |
Record details
- ISBN: 9780307462268
- ISBN: 0307462269
- Physical Description: p. cm.
- Edition: 1st ed.
- Publisher: New York : Crown Publishers, 2009.
Search for related items by subject
| Subject: | Authors' spouses > Fiction. Widows > Fiction. Authors, English > Family relationships > Fiction. England > Social life and customs > 19th century > Fiction. |
| Genre: | Domestic fiction. |
| LDR | 01276cam a22003618a 4500 | ||
|---|---|---|---|
| 001 | 105019 | ||
| 003 | LARL_NWRL_CONSORTIUM | ||
| 005 | 20090602125156.0 | ||
| 008 | 081203s2009 nyu 000 1 eng | ||
| 010 | . | ‡a2008051189 | |
| 020 | . | ‡a9780307462268 | |
| 020 | . | ‡a0307462269 | |
| 035 | . | ‡a(OCoLC)264043786 | |
| 040 | . | ‡aDLC ‡cDLC ‡dBTCTA ‡dYDXCP | |
| 043 | . | ‡ae-uk-en | |
| 082 | 0 | 0. | ‡a823/.92 ‡222 |
| 100 | 1 | . | ‡aArnold, Gaynor. ‡0(LARL_NWRL_CONSORTIUM)214869 |
| 245 | 1 | 0. | ‡aGirl in a blue dress / ‡cGaynor Arnold. |
| 250 | . | ‡a1st ed. | |
| 260 | . | ‡aNew York : ‡bCrown Publishers, ‡c2009. | |
| 300 | . | ‡ap. ‡ccm. | |
| 650 | 0. | ‡aAuthors' spouses ‡vFiction. ‡0(LARL_NWRL_CONSORTIUM)170824 | |
| 650 | 0. | ‡aWidows ‡vFiction. ‡0(LARL_NWRL_CONSORTIUM)167902 | |
| 650 | 0. | ‡aAuthors, English ‡xFamily relationships ‡vFiction. | |
| 651 | 0. | ‡aEngland ‡xSocial life and customs ‡y19th century ‡vFiction. ‡0(LARL_NWRL_CONSORTIUM)168418 | |
| 655 | 0. | ‡aDomestic fiction. | |
| 901 | . | ‡a105019 ‡bOCLC ‡c105019 ‡tbiblio | |

Add to basket
Permalink
Disable Highlighting